| 000 | 00501nam a22001937a 4500 | ||
|---|---|---|---|
| 003 | EC-GqESP | ||
| 005 | 20260416092159.0 | ||
| 008 | 260416b |||||||| |||| 00| 0 eng d | ||
| 041 | _aspa | ||
| 082 |
_a330.05 _pDIN |
||
| 110 | _aDINEDICIONES | ||
| 245 | _aGestión, economía y sociedad | ||
| 260 |
_aQuito _bDidenciones _c2011 |
||
| 300 |
_a2011 (199-210) _bilustraciones _c28 cm. |
||
| 650 | _aEconomía | ||
| 650 | _aAspectos sociales | ||
| 650 | _aAdminsitración de empresa | ||
| 942 | _c01 | ||
| 999 |
_c238337 _d238337 |
||